| 000 | 00930cam a2200253 a 4500 | ||
|---|---|---|---|
| 001 | 1105997 | ||
| 005 | 20250905145336.0 | ||
| 008 | 930309s1994 nyua b 001 0 eng | ||
| 020 |
_a0471303038 _qcloth |
||
| 020 |
_a9780471303039 _q(cloth) |
||
| 050 | 0 | 0 |
_aBF723.P4 _bL27 1994 |
| 082 | 0 | 0 |
_a155.2/5 _220 |
| 100 | 1 |
_aL'Abate, Luciano, _d1928- |
|
| 245 | 1 | 2 |
_aA theory of personality development / _cLuciano L'Abate, with the assistance of Charles H. Bryson. |
| 260 |
_aNew York : _bWiley, _cc1994. |
||
| 300 |
_axiv, 313 p. : _bill. ; _c24 cm. |
||
| 440 | 0 | _aWiley series on personality processes | |
| 500 | _a"A Wiley-Interscience publication." | ||
| 650 | 0 | _aPersonality development. | |
| 700 | 1 | _aBryson, Charles H. | |
| 856 | 4 | 2 |
_3Publisher description _uhttp://www.loc.gov/catdir/description/wiley031/93012795.html |
| 856 | 4 |
_3Table of Contents _uhttp://www.loc.gov/catdir/toc/onix01/93012795.html |
|
| 942 |
_2lcc _cBK _n0 |
||
| 999 |
_c7466 _d7466 |
||